La Sécurité sociale à un carrefour: vers une réforme effective des pensions en Amérique latine /
Furkejuvvon:
| Váldodahkki: | |
|---|---|
| Eará dahkkit: | |
| Materiálatiipa: | Texto |
| Fáttát: | |
| Fáddágilkorat: |
Lasit fáddágilkoriid
Eai fáddágilkorat, Lasit vuosttaš fáddágilkora!
|
MARC
| LEADER | 00000 a a2200000 04500 | ||
|---|---|---|---|
| 001 | 17259 | ||
| 003 | |||
| 040 | |||
| 100 | |a Matijascic, Milko | ||
| 245 | |a La Sécurité sociale à un carrefour: |b vers une réforme effective des pensions en Amérique latine / |c Milko Matijascic | ||
| 650 | |a SEGURIDAD SOCIAL | ||
| 650 | |a PENSIONES DE JUBILACION | ||
| 650 | |a BIENESTAR SOCIAL | ||
| 650 | |a EMPLEO | ||
| 650 | |a AMERICA LATINA | ||
| 700 | |a Kay, Stephen | ||
| 773 | |g volumen 59, número 1; páginas 3-33 | ||
| 999 | |c 24155 |d 24155 | ||
